00493 a2200181 450000100060000002000150000604000240002110000300004524000280007524500230010330000070012636200090013344000100014265000310015294200070018395201040019099900170029446530 a8570566891 cAnchieta - Aquarius aLadeira, Julieta de Godoy10aDe olho nos sinaislpor10aDe olho nos sinais a480 a1995 1aAtual 4aLiteratura infanto-juvenil cBK 00104070a87.1b87.1d2023-11-21l0o028.5 LAD DEOp4431/AQUr2023-11-21 15:13:05w2023-11-21yBK c46530d46530